Haikyuu characters fan test - Statistics

General Stats
  • This quiz has been taken 3,390 times
  • The average score is 31 of 62
Answer Stats
Hint Answer % Correct
King of the Court Kageyama Tobio
99%
The Strongest Decoy Hinata Shouyou
91%
Tall, blond and salty Tsukishima Kei
91%
'Dad' of Crows Sawamura Daichi
90%
'Mom' of Karasuno Sugawara Koushi
89%
Negative Goatee Azumane Asahi
88%
The backbone, brain and heart Kozume Kenma
86%
Bedhead captain Kuroo Tetsurou
86%
Grand Trash King Oikawa Tooru
86%
Cinnamon roll with freckles Yamaguchi Tadashi
86%
Guardian Deity Nishinoya Yuu
85%
Monk Ace Tanaka Ryuunosuke
83%
Russian Blue Haiba Lev
80%
Coach from Sakanoshita Ukai Keishin
78%
Great Horned Owl Bokuto Kotarou
77%
Blond menager Yachi Hitoka
77%
Karasuno's destined rival Metropolitan Nekoma High
74%
Second Year Captain Ennoshita Chikara
70%
Top Ace from Miyagi Ushijima Wakatoshi
70%
Owl Keeper Akaashi Keiji
67%
Ace Trashkeeper Iwaizumi Hajime
65%
Guess Monster Tendou Satori
65%
Kitten Libero Yaku Morisuke
65%
Karasuno's female beauty Shimizu Kiyoko
61%
Stubborn sensei Takeda Ittetsu
59%
Ace of Cats Yamamoto Taketora
55%
Second Year Floater Kinoshita Hisashi
51%
Setter of Foxes Miya Atsumu
50%
Good Twin Brother Miya Osamu
50%
Number 8 Narita Kazuhito
50%
Owls Fukurodani Academy
48%
"Rule the court" Aoba Johsai High
47%
Hinata's sister Natsu
43%
Nekoma's Quick 7 Inuoka Sou
36%
Watari Shinji's position libero
36%
Shiratorizawa's Setter Shirabu Kenjirou
36%
Salty Fox Blocker Suna Rintarou
36%
Fox Father Kita Shinsuke
35%
Nekoma's Vice Kai Noboyuki
34%
Meme Brow Matsukawa Issei
34%
Meme Strawberry Hair Hanamaki Takahiro
33%
Fox team Inarizaki High School
31%
Older Haiba Alisa
29%
Next Seijoh Captain Yahaba Shigeru
29%
Older Tsukishima Akiteru
27%
Snake Captain Daishou Suguru
27%
Second Year Captain from Date Futakuchi Kenji
27%
Nee-san Saeko Tanaka
27%
Terushima Yuuji's team Johzenji High
25%
Mad Dog Kyuotani Kentarou
24%
"Take it easy, Dostoyevsky" Fukunaga Shouhei
23%
Semisemi Semi Eita
23%
Master of jumps from All-Japan Youth Intensive Training Camp Hoshiumi Kourai
21%
Aone's Firstname Takanobu
19%
Float Teacher Shimada Makoto
18%
Younger Yamamoto Akane
15%
Little Giant from Wakunan Nakashima Takeru
14%
Daichi's friend from junior high Ikejiri Hayato
12%
Shiratoizawa's First Year Starter Goshiki Tsutomu
9%
Girl Friend of Tanaka Amanai Kanoka
8%
Nope Team memeber from Seijoh Kunimi Akira
7%
Turnip Head Kindaichi Yuutarou
4%
No matching quizzes found
Score Distribution
Percent of People with Each Score
Percentile by Number Answered
Your Score History
You have not taken this quiz